| 000 -GUIDE |
| Champ de contrôle de longueur fixe |
03422nam a22002777a 4500 |
| 003 - IDENTITÉ DU NUMÉRO DE CONTRÔLE |
| Champ de contrôle |
BI-BuBU |
| 008 - ÉLÉMENTS DE LONGUEUR FIXE - RENSEIGNEMENTS GÉNÉRAUX |
| Champ de contrôle de longueur fixe |
140227t2012 bd ||||dr|||| 00| 0 fre d |
| 037 ## - SOURCE D'ACQUISITION |
| Source d'acquisition et du numéro d'inventaire |
Don de l'auteur |
| 039 ## - NIVEAU DE CONTRÔLE BIBLIOGRAPHIQUE ET HISTORIQUE D'ENCODAGE [OBSOLETE] |
| Date creation |
20140227145932.0 |
| Nom catalographe |
Dieudonné Ndayishimiye |
| 040 ## - SOURCE DU CATALOGAGE |
| Organisme qui a effectué le catalogage original |
BI-BuBU |
| Code de la langue utilisée dans le catalogage |
fre |
| Organisme qui a effectué la transcription |
BI-BuBU |
| 041 0# - CODE DE LANGUE |
| Code de langue du texte chanté ou parlé |
fre |
| 080 ## - INDICE DE LA CLASSIFICATION DÉCIMALE UNIVERSELLE (CDU) |
| Indice de la Classification décimale universelle |
R.336.12 |
| 100 1# - VEDETTE PRINCIPALE - NOM DE PERSONNE |
| Code de relation |
aut. |
| Nom de personne |
Nahayo, Justin |
| 245 10 - MENTION DU TITRE |
| Titre |
Analyse empirique de la soutenabilité du déficit budgétaire dans les pays de l'EAC [East African Community] de 1980 à 2009 |
| Mention de responsabilité, etc. |
par Justin Nahayo, Innocent Ntahomvukiye ; Arcade Ndoricimpa, directeur |
| 260 ## - PUBLICATION, DIFFUSION, ETC. (ADRESSE BIBLIOGRAPHIQUE) |
| Lieu de publication, diffusion, etc. |
Bujumbura |
| Nom de l'éditeur, diffuseur, etc. |
Université du Burundi, Faculté des Sciences Economiques et administratives |
| Date of publication, distribution, etc |
2012 |
| 300 ## - DESCRIPTION MATÉRIELLE |
| Collation |
IX- 85 f. |
| Dimensions |
30 cm. |
| 500 ## - NOTE GÉNÉRALE |
| Note générale |
Mémoire présenté et défendu publiquement en vue de l'obtention du grade de Licence en Sciences Economiques et Administratives.<br/>Option : Economie Politique |
| 520 ## - RÉSUMÉ, ETC. |
| Résumé, etc. |
L'objectif de notre travail était d'évaluer empiriquement la soutenabilité du déficit budgétaire dans les pays de l'EAC pour la période 1980-2009.<br/><br/>pour y arriver, nous avons utilisé deux méthodes à savoir le test de stationnarité du ratio dette publique sur PIB et le test de cointégration des rations recettes et dépenses publiques sur PIB. Pour la première méthode, nous avons effectué les tests de stationnarité de Philps Perron et de Ng et Perron pour détecter la présence ou non d'une racine unitaire. Les résultats obtenus montrent que le ration dette publique sur PIB n'est pas stationnaire en niveau au Rwanda, au Kenya et en Tanzanie. En ce qui concerne le Burundi et de l'Ouganda, le déficit budgétaire est soutenable.<br/><br/>Pour la deuxième méthode, nous avons utilisé le test de cointégration de Johansen pour le Burundi, le Rwanda, la Tanzanie et l'Ouganda, le Kenya étant exclu car les variables ratios recettes et dépenses publiques sur PIB sont stationnaires en niveau, donc l'analyse du test de cointégration est possible, et les résultats montrent qu'il n'existe aucune relation de cointégration entre les variables ratios recettes et dépenses publiques sur PIB pour les quatre pays au seuil de signification de 5%. Néanmoins, au seuil de 10%, les résultats du test de cointégration montrent que les ratios recettes et dépenses publiques sur PIB entretiennent une évolution commune de long terme pour le Burundi et l'Ouganda. Nous avons alors vérifié si la soutenabilité du déficit budgétaire dans ces deux pays est forte ou faible par le test de restriction de Wald et les résultats de ce test indiquent que la soutenabilité est forte pour l'Ouganda et faible pour le Burundi au seil de signification de 10%.<br/><br/>Ainsi, nous recommandons, aux pays de l'EAC, de maîtriser le déficit budgétaire en faisant correspondre les dépenses aux ressources disponibles, d'accroître les dépenses d'investissement dans des domaines jugés plus rentables et faire une bonne gestion de la dette publique consistant à limiter les emprunts extérieurs. |
| 650 #7 - VEDETTE-MATIÈRE - NOM COMMUN |
| Source du terme |
BI-BuBU |
| Vedette de sujet ou vedette comportant un nom géographique |
Déficit budgétaire |
| Subdivision générale |
Soutenabilité |
| -- |
Analyse empirique |
| Subdivision chronologique |
1980-2009 |
| Subdivision géographique |
Communauté Est-Africaine |
| 9 (RLIN) |
86064 |
| 655 #7 - TERME D'INDEXATION - GENRE OU FORME |
| Source du terme |
BI-BuBU |
| Données ou terme dominant sur le genre ou la forme |
Mémoire |
| Subdivision chronologique |
2012 |
| 9 (RLIN) |
104767 |
| 700 1# - VEDETTE SECONDAIRE - NOM DE PERSONNE |
| Code de relation |
aut. |
| Nom d'auteur |
Ntahomvukiye, Innocent |
| 9 (RLIN) |
86066 |
| 700 1# - VEDETTE SECONDAIRE - NOM DE PERSONNE |
| Code de relation |
dir. |
| Nom d'auteur |
Ndoricimpa, Arcade |
| 9 (RLIN) |
112153 |
| 710 ## - VEDETTE SECONDAIRE - NOM DE COLLECTIVITÉ |
| Nom de la collectivité ou nom de lieu comme élément de classement |
Université du Burundi |
| Collectivité subordonnée |
Faculté des Sciences Economiques et Administratives |
| 9 (RLIN) |
86067 |
| 942 ## - ÉLÉMENTS D'ENTRÉE ADDITIONNELLE (KOHA) |
| Source de la classification ou du système de rangement |
|
| Type d item koha |
Memoire |